000 00261nam a22001217a 4500
008 181015b xxu||||| |||| 00| 0 eng d
041 _aeng
080 _a316
100 _a50
101 _aSOC
245 _aSocial Organization
_cGreer .S.A
942 _2udc
_cBK
999 _c49689
_d49689